000 00623nam a2200205 i 4500
001 115216
003 ES-MaACL
005 20250707062619.0
007 t|
008 070226s1909 sp ||||1| spa d
100 1 _aHuidobro, Luis,
_d1870-1936
_964668
245 1 0 _aCarucho
_b: novela /
_cpor Luis Huidobro ; ilustraciones del mismo.
260 _aMadrid :
_bEl Cuento Semanal,
_c1909.
300 _a20 p. :
_bil. ;
_c26 cm.
490 1 _aEl cuento semanal ;
_v137
500 _aIlustraciones del mismo autor.
830 0 3 _aEl cuento semanal
_v137
_9185957
852 _aES-MaACL
_jG-4444(7)
999 _c115216
_d115216